[Event "Aut_chT"]
[Site "Jenbach"]
[Date "2003.01.26"]
[Round "8.4"]
[White "Grabher, Heinz"]
[Black "Genser, Harald"]
[Result "1/2-1/2"]
[WhiteElo "2227"]
[BlackElo "2265"]
[PlyCount "79"]
[EventDate "2003.01.23"]

1. e4 c5 2. Nf3 d6 3. d4 cxd4 4. Nxd4 Nf6 5. Nc3 Nc6 6. Bc4 e6 7. Be3 a6 8. Bb3
Qc7 9. Qe2 Be7 10. O-O-O Na5 11. g4 b5 12. g5 Nxb3+ 13. axb3 Nd7 14. f4 b4 15.
Nf5 bxc3 16. Nxg7+ Kf8 17. f5 cxb2+ 18. Kxb2 Kxg7 19. Rhg1 Ne5 20. f6+ Kf8 21.
Qh5 Ke8 22. fxe7 Qxe7 23. Bd4 Bd7 24. Bxe5 dxe5 25. g6 fxg6 26. Rxg6 Qf7 27.
Qxe5 Rg8 28. Rxg8+ Qxg8 29. Rd3 Rc8 30. Rg3 Qf8 31. Qh5+ Kd8 32. Qxh7 Qf6+ 33.
Kb1 Qf1+ 34. Kb2 Qf6+ 35. Kb1 Rc5 36. Rd3 Qf1+ 37. Kb2 Qf6+ 38. Kb1 Qf1+ 39.
Kb2 Qf6+ 40. Kb1 1/2-1/2

[Event "Aut_chT"]
[Site "Jenbach"]
[Date "2003.01.26"]
[Round "8.5"]
[White "Boensch, Uwe"]
[Black "Schmittdiel, Eckhard"]
[Result "1-0"]
[WhiteElo "2537"]
[BlackElo "2491"]
[PlyCount "73"]
[EventDate "2003.01.23"]

1. d4 Nf6 2. c4 e6 3. Nf3 Bb4+ 4. Nbd2 b6 5. g3 Bb7 6. Bg2 O-O 7. O-O d5 8.
cxd5 Bxd5 9. Nb1 Nbd7 10. Bg5 h6 11. Bxf6 Nxf6 12. Qa4 Bd6 13. Nc3 Bb7 14. Rfd1
Ne4 15. Rac1 Nxc3 16. Rxc3 Qe8 17. Qc2 f5 18. Nd2 Bxg2 19. Kxg2 Qb5 20. Nc4
Qd5+ 21. f3 f4 22. Qe4 Bb4 23. Rc2 Qxe4 24. fxe4 fxg3 25. hxg3 Rae8 26. e5 Rf7
27. e4 Rd7 28. a3 Bf8 29. b4 c5 30. Nd6 Red8 31. dxc5 bxc5 32. bxc5 Rc7 33. c6
Rb8 34. Rd3 a6 35. Kh3 g6 36. Nb7 Be7 37. Rd6 1-0

[Event "Aut_chT"]
[Site "Jenbach"]
[Date "2003.01.26"]
[Round "8.5"]
[White "Stangl, Markus"]
[Black "Duer, Arne"]
[Result "1-0"]
[WhiteElo "2494"]
[BlackElo "2365"]
[PlyCount "137"]
[EventDate "2003.01.23"]

1. Nf3 Nf6 2. c4 d6 3. g3 e5 4. Bg2 Nbd7 5. O-O g6 6. d4 Bg7 7. Nc3 O-O 8. e4
exd4 9. Nxd4 Re8 10. h3 Nc5 11. Re1 a5 12. Ndb5 Be6 13. e5 dxe5 14. Qxd8 Raxd8
15. Nxc7 Re7 16. Nxe6 Rxe6 17. Be3 b6 18. Rad1 Red6 19. Rxd6 Rxd6 20. Bxc5 bxc5
21. Rxe5 Nd7 22. Re8+ Bf8 23. Bd5 Ra6 24. Rc8 Nf6 25. Bc6 Kg7 26. Na4 Ra7 27.
Kf1 h5 28. b3 g5 29. Nb2 h4 30. gxh4 gxh4 31. Nd3 Nh7 32. Bb5 Ng5 33. Nxc5 Nxh3
34. Nd7 Bb4 35. c5 Nf4 36. c6 Bd6 37. Kg1 Ne6 38. Re8 h3 39. a4 h2+ 40. Kg2 Rc7
41. Nb8 Ra7 42. Na6 Kf6 43. Nb8 Kg7 44. Nd7 Rc7 45. Kh1 Ng5 46. Ne5 Nh3 47. Nd3
Kf6 48. Rd8 Ke7 49. Rh8 Nf4 50. Nxf4 Bxf4 51. Rh4 Bd6 52. f4 Rc8 53. Kxh2 Rg8
54. Bc4 Rg5 55. Kh3 Rg1 56. Bd5 Rd1 57. Rh5 Rd4 58. Bc4 Bc7 59. f5 Rf4 60. Bxf7
Rf2 61. Be6 Kd6 62. Kg3 Rb2 63. Kf3 Kxc6 64. f6 Bb6 65. f7 Rf2+ 66. Ke4 Bc5 67.
Rxc5+ Kxc5 68. Bf5 Re2+ 69. Kd3 1-0

[Event "Aut_chT"]
[Site "Jenbach"]
[Date "2003.01.26"]
[Round "8.5"]
[White "Pilz, Dieter"]
[Black "Weinzettl, Ernst"]
[Result "0-1"]
[WhiteElo "2309"]
[BlackElo "2356"]
[PlyCount "130"]
[EventDate "2003.01.23"]

1. e4 e6 2. d4 d5 3. Nc3 Nf6 4. Bg5 Be7 5. Bxf6 Bxf6 6. Nf3 O-O 7. Bd3 c5 8.
dxc5 Nd7 9. exd5 exd5 10. O-O Nxc5 11. Nxd5 Bxb2 12. Rb1 Bf6 13. h3 g6 14.
Nxf6+ Qxf6 15. Re1 b6 16. Re3 Bb7 17. Ne5 Qg5 18. Qg4 Qxg4 19. hxg4 Rad8 20.
Rbe1 Nxd3 21. Nxd3 Rd7 22. g5 Kg7 23. f3 h6 24. Ne5 Rc7 25. gxh6+ Kxh6 26. c4
Kg7 27. Ra3 Bc8 28. Kf2 Be6 29. g4 g5 30. Kg3 Rd8 31. Rc1 Rd4 32. c5 bxc5 33.
Ra6 c4 34. Rc3 Kf6 35. Nc6 Rd3 36. Rc1 Rd6 37. Nb8 Rxa6 38. Nxa6 Rc8 39. Nb4
Ke5 40. Nc2 c3 41. Re1+ Kf6 42. Ra1 Rd8 43. Rc1 a5 44. Na3 Rc8 45. Rc2 a4 46.
Nb5 Bxa2 47. Nxc3 Be6 48. Rc1 a3 49. Ne4+ Kg6 50. Nc3 Ra8 51. Kf2 a2 52. Ra1
Ra3 53. Ne4 Bd5 54. Nd2 Kf6 55. Ke2 Ke5 56. Kd1 Kf4 57. Kc2 Bxf3 58. Kb2 Ra8
59. Nb3 Kxg4 60. Rg1+ Kf4 61. Ka1 g4 62. Nc5 f5 63. Nd3+ Ke3 64. Nb4 Ra4 65.
Nc2+ Kf2 0-1

[Event "Aut_chT"]
[Site "Jenbach"]
[Date "2003.01.26"]
[Round "8.5"]
[White "Blaas, Hansjoerg"]
[Black "Ferrari, Josef"]
[Result "1/2-1/2"]
[WhiteElo "2266"]
[BlackElo "2220"]
[PlyCount "24"]
[EventDate "2003.01.23"]

1. e4 e5 2. Nf3 Nc6 3. d4 exd4 4. c3 d3 5. Bxd3 d6 6. O-O Be7 7. Bf4 Nf6 8.
Nbd2 O-O 9. Qc2 Nh5 10. Be3 Ne5 11. Nxe5 dxe5 12. Be2 Nf4 1/2-1/2

[Event "Aut_chT"]
[Site "Jenbach"]
[Date "2003.01.26"]
[Round "8.5"]
[White "Gerhold, Michael"]
[Black "Fuchs, Georg"]
[Result "0-1"]
[WhiteElo "2205"]
[BlackElo "2244"]
[PlyCount "63"]
[EventDate "2003.01.23"]

1. d4 d5 2. c4 c6 3. Nf3 Nf6 4. Nc3 e6 5. e3 Be7 6. Bd3 dxc4 7. Bxc4 b5 8. Bd3
Nbd7 9. O-O Bb7 10. b3 O-O 11. Bb2 a5 12. Rc1 Qb6 13. a3 Rfd8 14. Qe2 Bd6 15.
e4 Bf4 16. e5 Bxc1 17. Bxc1 Nd5 18. Ne4 h6 19. g4 Ne7 20. Bxh6 gxh6 21. Qe3 Kg7
22. Nf6 Ng8 23. g5 Ndxf6 24. gxh6+ Kh8 25. exf6 Nxf6 26. Qe5 Rg8+ 27. Kh1 Qd8
28. Be4 Qe7 29. Ng5 c5 30. f3 Bxe4 31. fxe4 Rg6 32. d5 0-1

[Event "Aut_chT"]
[Site "Jenbach"]
[Date "2003.01.26"]
[Round "8.6"]
[White "Loeffler, Stefan"]
[Black "Varga, Peter"]
[Result "1/2-1/2"]
[WhiteElo "2398"]
[BlackElo "2486"]
[PlyCount "67"]
[EventDate "2003.01.23"]

1. Nf3 d5 2. c4 c6 3. e3 Nf6 4. Nc3 e6 5. b3 Nbd7 6. Qc2 Bd6 7. Bb2 O-O 8. h3
Qe7 9. g4 a6 10. g5 Ne8 11. d4 f5 12. O-O-O b5 13. c5 Bb8 14. Ne2 a5 15. a3 b4
16. axb4 axb4 17. Nf4 e5 18. Nxe5 Nxe5 19. dxe5 Bxe5 20. Bg2 Ra2 21. Nd3 Bc3
22. Rd2 f4 23. e4 dxe4 24. Nxb4 Bxb4 25. Qc4+ Be6 26. Qxb4 f3 27. Bf1 Qxg5 28.
Qxe4 Qxc5+ 29. Rc2 Qg5+ 30. Kb1 Bd5 31. Bc4 Ra8 32. Rd1 Nf6 33. Qxf3 Kh8 34.
Bxd5 1/2-1/2

[Event "Aut_chT"]
[Site "Jenbach"]
[Date "2003.01.26"]
[Round "8.6"]
[White "Vogt, Lothar"]
[Black "Kujovic, Michal"]
[Result "1-0"]
[WhiteElo "2479"]
[BlackElo "2384"]
[PlyCount "73"]
[EventDate "2003.01.23"]

1. e4 c5 2. Nf3 e6 3. d4 cxd4 4. Nxd4 Qb6 5. Nb3 Qc7 6. Bd3 Nf6 7. O-O d5 8.
Nc3 dxe4 9. Nxe4 Nbd7 10. Qf3 Nxe4 11. Qxe4 Nf6 12. Qh4 Bd7 13. Nd4 a6 14. Re1
Be7 15. Bg5 Qb6 16. Nf3 Rd8 17. Ne5 Bc8 18. Qa4+ Kf8 19. Rab1 Qb4 20. Qxb4 Bxb4
21. Red1 Rd5 22. f4 Bc5+ 23. Kf1 h6 24. Bh4 Rd4 25. Nf3 Rd5 26. c4 Rd8 27. b4
Bd6 28. g3 Bd7 29. Bxf6 gxf6 30. Be4 Bc8 31. c5 Bc7 32. Rxd8+ Bxd8 33. Nd4 e5
34. Bf5 Be6 35. Bxe6 fxe6 36. Nxe6+ Ke7 37. f5 1-0

[Event "Aut_chT"]
[Site "Jenbach"]
[Date "2003.01.26"]
[Round "8.6"]
[White "Penz, Harald"]
[Black "Lehner, Oliver"]
[Result "0-1"]
[WhiteElo "2324"]
[BlackElo "2406"]
[PlyCount "116"]
[EventDate "2003.01.23"]

1. e4 c6 2. Nc3 d5 3. d3 e5 4. Nf3 d4 5. Nb1 g6 6. g3 Bg7 7. Bg2 Ne7 8. O-O c5
9. Ne1 Nbc6 10. f4 O-O 11. Nf3 h6 12. Nxe5 Nxe5 13. fxe5 Nc6 14. Nd2 Nxe5 15.
Nf3 Nc6 16. Bd2 Be6 17. Rf2 Qd7 18. a3 c4 19. Qe2 b5 20. Rd1 a5 21. Bc1 cxd3
22. cxd3 b4 23. Bd2 bxa3 24. bxa3 Rab8 25. Qe1 a4 26. Rb1 Rxb1 27. Qxb1 Rb8 28.
Qc1 Kh7 29. Bf4 Rb3 30. Rc2 Qb7 31. Nd2 Rc3 32. Nb1 Rxc2 33. Qxc2 Qb3 34. Qxc6
Qxb1+ 35. Bf1 Qa1 36. Qc1 Qa2 37. Bd6 Bf6 38. Qd1 Bg5 39. Qe2 Be3+ 40. Kg2 Qa1
41. Qf3 Qb2+ 42. Be2 f5 43. exf5 gxf5 44. Kh3 Qb5 45. Bf4 Kg7 46. Bxe3 f4+ 47.
g4 fxe3 48. Kg3 Qb2 49. h4 Qxa3 50. Qb7+ Kg8 51. Qb6 Qe7 52. Qxd4 a3 53. Qxe3
Qd6+ 54. Kh3 a2 55. Qc1 Qe5 56. Qxh6 a1=Q 57. Qg6+ Kf8 58. Qh6+ Ke7 0-1

[Event "Aut_chT"]
[Site "Jenbach"]
[Date "2003.01.26"]
[Round "8.6"]
[White "Ganaus, Hannes"]
[Black "Roth, Peter"]
[Result "1-0"]
[WhiteElo "2360"]
[BlackElo "2323"]
[PlyCount "107"]
[EventDate "2003.01.23"]

1. d4 Nf6 2. Nf3 c5 3. e3 cxd4 4. exd4 d5 5. Bd3 Nc6 6. c3 Bg4 7. O-O e6 8. Bf4
Bd6 9. Bxd6 Qxd6 10. Nbd2 O-O 11. Re1 Rfc8 12. Qb1 Bxf3 13. Nxf3 Rab8 14. Ne5
b5 15. b4 Qc7 16. f4 g6 17. Qd1 Nh5 18. Ng4 Nd8 19. Rc1 f5 20. Ne5 Nxf4 21. Bf1
Nf7 22. Qd2 Nh5 23. Nd3 Nd6 24. Nc5 Ne4 25. Qc2 Nxc5 26. bxc5 Re8 27. Rb1 a6
28. a4 bxa4 29. Qxa4 Nf6 30. Qxa6 Rxb1 31. Rxb1 Qf4 32. Qe2 Ne4 33. g3 Qc7 34.
Qb2 Re7 35. Bg2 Kg7 36. Qb4 Rf7 37. c4 f4 38. cxd5 exd5 39. Bxe4 dxe4 40. d5
Qe5 41. Qb2 Qxb2 42. Rxb2 Rf5 43. gxf4 Rxd5 44. Rc2 e3 45. Kf1 Rd4 46. Ke2 Rxf4
47. Kxe3 Rf8 48. c6 Kh6 49. Kd4 Kh5 50. Kd5 Kh4 51. Kd6 Kh3 52. c7 h5 53. Ke7
Ra8 54. Kf6 1-0

[Event "Aut_chT"]
[Site "Jenbach"]
[Date "2003.01.26"]
[Round "8.6"]
[White "Hangweyrer, Roman"]
[Black "Bokros, Albert"]
[Result "0-1"]
[WhiteElo "2162"]
[BlackElo "2420"]
[PlyCount "94"]
[EventDate "2003.01.23"]

1. Nf3 e6 2. c4 Nf6 3. g3 d5 4. Bg2 Be7 5. O-O O-O 6. d4 dxc4 7. Ne5 Nbd7 8.
Nxc4 Nb6 9. Nxb6 axb6 10. Nc3 c6 11. e4 b5 12. Be3 b4 13. Ne2 Qa5 14. Nc1 Rd8
15. Nb3 Qb5 16. Bf3 e5 17. Be2 Qa4 18. Qc2 exd4 19. Bxd4 Be6 20. Bc4 Rxd4 21.
Bxe6 Rxe4 22. Bf5 Re5 23. Rfe1 Rxe1+ 24. Rxe1 Bf8 25. Ra1 Qb5 26. Bd3 Qh5 27.
Be2 Qe5 28. Bf3 g6 29. Nd2 Bg7 30. Nc4 Qc5 31. Qb3 Nd5 32. Rd1 Bd4 33. Kg2 Bxf2
34. Bxd5 cxd5 35. Ne5 Bd4 36. Nd7 Qd6 37. Rxd4 Qxd7 38. Rxb4 Rb8 39. Rd4 Re8
40. Qd3 Qc6 41. Qd2 Re4 42. a4 Qe6 43. Rxe4 Qxe4+ 44. Kh3 d4 45. b4 d3 46. Qc3
Qe6+ 47. Kg2 Qe2+ 0-1

[Event "Aut_chT"]
[Site "Jenbach"]
[Date "2003.01.26"]
[Round "8.6"]
[White "Weissenbeck, Manuel"]
[Black "Prager, Manfred"]
[Result "1-0"]
[WhiteElo "2225"]
[BlackElo "2087"]
[PlyCount "85"]
[EventDate "2003.01.23"]

1. d4 Nf6 2. Nf3 d5 3. c4 e6 4. Nc3 Be7 5. Bg5 O-O 6. e3 Ne4 7. Bxe7 Qxe7 8.
Nxe4 dxe4 9. Nd2 f5 10. Be2 Nd7 11. Qc2 Qg5 12. g3 c6 13. O-O-O Qe7 14. Kb1 Nf6
15. h3 Bd7 16. Rc1 Rfc8 17. g4 Kh8 18. f3 exf3 19. Nxf3 Ne4 20. Bd3 Nd6 21. c5
Nf7 22. Rce1 Qf6 23. Rhf1 Rf8 24. Qg2 e5 25. gxf5 exd4 26. Nxd4 Ne5 27. Bc2
Rae8 28. Qd2 Qe7 29. Qc3 Rf6 30. Bb3 Nf7 31. e4 Qe5 32. Rg1 Bc8 33. a3 Rd8 34.
Ne6 Bxe6 35. fxe6 Qxc3 36. bxc3 Ne5 37. Rd1 Re8 38. Rg5 Ng6 39. Rd7 b5 40. Rxa7
Ne7 41. Rg3 Rf4 42. Rd3 Rxe4 43. Rxe7 1-0

[Event "Aut_chT"]
[Site "Fürstenfeld"]
[Date "2003.03.14"]
[Round "9.1"]
[White "Varga, Peter"]
[Black "Tischbierek, Raj"]
[Result "1/2-1/2"]
[WhiteElo "2486"]
[BlackElo "2506"]
[PlyCount "50"]
[EventDate "2003.03.14"]

1. d4 d5 2. c4 c6 3. e3 Nf6 4. Nc3 g6 5. Nf3 Bg7 6. Be2 O-O 7. O-O a6 8. cxd5
cxd5 9. Bd2 Nc6 10. Qb3 b5 11. Rfc1 Qd6 12. Be1 Bf5 13. h3 Rfc8 14. Bf1 h6 15.
Ne2 g5 16. Ng3 Bg6 17. a4 b4 18. Ne5 Nxe5 19. Bxb4 Qe6 20. dxe5 Nd7 21. Rxc8+
Rxc8 22. Bc3 Rb8 23. Qd1 Bxe5 24. Bxe5 Nxe5 25. Qd4 Nc6 1/2-1/2

[Event "Aut_chT"]
[Site "Fürstenfeld"]
[Date "2003.03.14"]
[Round "9.1"]
[White "Druckenthaner, Andreas"]
[Black "Vogt, Lothar"]
[Result "1/2-1/2"]
[WhiteElo "2318"]
[BlackElo "2479"]
[PlyCount "86"]
[EventDate "2003.03.14"]

1. d4 Nf6 2. c4 g6 3. Nc3 Bg7 4. Nf3 O-O 5. Bg5 c5 6. e3 cxd4 7. exd4 d5 8.
Bxf6 Bxf6 9. cxd5 Nd7 10. Bc4 a6 11. a4 Nb6 12. Bb3 Bg4 13. a5 Nc8 14. Ne4 Bg7
15. Neg5 Nd6 16. h3 Bf5 17. g4 Be4 18. Qe2 Bxf3 19. Nxf3 Nb5 20. Qe4 Qd6 21.
O-O Qb4 22. Qd3 Nxd4 23. Nxd4 Qxd4 24. Qxd4 Bxd4 25. Rae1 Bf6 26. Re4 Rfc8 27.
Rd1 Rc7 28. d6 exd6 29. Rxd6 Bxb2 30. Rb6 Ba3 31. Bd5 Rb8 32. Rb3 Bd6 33. Rc4
Rd7 34. Be4 Kf8 35. Kg2 Be7 36. Rc6 Rd4 37. Bf3 Rd2 38. Rxa6 Bh4 39. Bxb7 Rxf2+
40. Kg1 Ra2 41. Bd5 Rc8 42. Rf3 Rd2 43. Ra8 Rxa8 1/2-1/2

[Event "Aut_chT"]
[Site "Fürstenfeld"]
[Date "2003.03.14"]
[Round "9.1"]
[White "Lehner, Oliver"]
[Black "Sprotte, Norbert"]
[Result "1-0"]
[WhiteElo "2406"]
[BlackElo "2260"]
[PlyCount "85"]
[EventDate "2003.03.14"]

1. d4 Nf6 2. c4 c5 3. d5 b5 4. Nf3 b4 5. Nbd2 d6 6. a3 a5 7. e4 g6 8. Bd3 Bg7
9. O-O Nfd7 10. Re1 Na6 11. a4 h6 12. Ra2 b3 13. Ra3 O-O 14. Nb1 Nb4 15. Rxb3
Nb6 16. Ra3 Ba6 17. b3 Kh7 18. Qd2 Nxd3 19. Qxd3 e6 20. Bd2 exd5 21. exd5 Bc8
22. Bc3 Bf5 23. Qd2 Bxb1 24. Rxb1 Bxc3 25. Qxc3 Re8 26. Raa1 Nd7 27. Re1 Rxe1+
28. Rxe1 Rb8 29. Re3 Nf6 30. h3 Rb7 31. Nd2 Ne8 32. Ne4 Ra7 33. Re2 Rb7 34. Qe3
Ng7 35. Qf4 Nf5 36. g4 Qh4 37. Nxd6 Rxb3 38. Nxf5 gxf5 39. Qxf5+ Kg7 40. Qe5+
Kg6 41. Re3 Rb4 42. Qf5+ Kg7 43. Rf3 1-0

[Event "Aut_chT"]
[Site "Fürstenfeld"]
[Date "2003.03.14"]
[Round "9.1"]
[White "Beck, Hartmuth"]
[Black "Ganaus, Hannes"]
[Result "1/2-1/2"]
[WhiteElo "2257"]
[BlackElo "2360"]
[PlyCount "107"]
[EventDate "2003.03.14"]

1. d4 d5 2. c4 c6 3. Nf3 Nf6 4. Nc3 a6 5. c5 g6 6. Bf4 Nbd7 7. e3 Nh5 8. Bd3
Nxf4 9. exf4 Qc7 10. g3 Nf6 11. Ne5 Bf5 12. Bxf5 gxf5 13. b4 Bg7 14. O-O O-O
15. Qd3 e6 16. f3 Kh8 17. a4 Ng8 18. Qd2 Ne7 19. Rfe1 Ng6 20. b5 axb5 21. axb5
Rxa1 22. Rxa1 Nxe5 23. fxe5 f6 24. b6 Qe7 25. exf6 Qxf6 26. Ne2 e5 27. Ra7 Rb8
28. dxe5 Qxe5 29. Qf4 Qxf4 30. gxf4 Bf8 31. Ra5 Re8 32. Kf2 Kg7 33. Nd4 Kf6 34.
Nb3 Rb8 35. Ra7 Ke6 36. Ke3 Be7 37. Kd4 Bh4 38. Kd3 Be7 39. Kc3 Bh4 40. Nd4+
Kf6 41. Ra2 Re8 42. Kd3 Be1 43. Ra7 Rb8 44. Ra2 Re8 45. Nb3 Rb8 46. Ra4 Re8 47.
Ra7 Rb8 48. Ra2 Re8 49. Re2 Rxe2 50. Kxe2 Bb4 51. Kd3 Ba3 52. Ke3 Ke7 53. Kd4
Bb2+ 54. Kd3 1/2-1/2

[Event "Aut_chT"]
[Site "Fürstenfeld"]
[Date "2003.03.14"]
[Round "9.1"]
[White "Opl, Klaus"]
[Black "Weissenbeck, Manuel"]
[Result "0-1"]
[WhiteElo "2283"]
[BlackElo "2225"]
[PlyCount "98"]
[EventDate "2003.03.14"]

1. e4 c5 2. Nf3 Nc6 3. d4 cxd4 4. Nxd4 Nf6 5. Nc3 e5 6. Ndb5 d6 7. Bg5 a6 8.
Na3 b5 9. Nd5 Be7 10. Bxf6 Bxf6 11. c3 O-O 12. Nc2 Rb8 13. Be2 Bg5 14. O-O Kh8
15. Qd3 f5 16. Bf3 g6 17. b4 Bb7 18. Rfd1 Rc8 19. a4 bxa4 20. Rxa4 Ne7 21. exf5
gxf5 22. Nxe7 e4 23. Qxd6 Qxd6 24. Rxd6 Rxc3 25. Bd1 Bxe7 26. Re6 Rd8 27. Ra1
Bg5 28. h4 Bxh4 29. Ne3 f4 30. Nf5 Bd5 31. Rexa6 Bg5 32. Bg4 f3 33. gxf3 exf3
34. Kh2 Bf4+ 35. Kh3 Rc2 36. Kh4 Rxf2 37. Rd1 Rd2 38. Rxd2 Bxd2 39. Bh3 Rg8 40.
Ra7 Bg5+ 41. Kh5 Bf6 42. Kh6 Rg6+ 43. Kh5 f2 44. Nh4 Bxh4 45. Kxh4 Rh6+ 46. Kg3
Rxh3+ 47. Kxf2 Rb3 48. Rd7 Be4 49. Rd4 Bg6 0-1

[Event "Aut_chT"]
[Site "Fürstenfeld"]
[Date "2003.03.14"]
[Round "9.2"]
[White "Loeffler, Stefan"]
[Black "Schmittdiel, Eckhard"]
[Result "0-1"]
[WhiteElo "2398"]
[BlackElo "2491"]
[PlyCount "72"]
[EventDate "2003.03.14"]

1. Nf3 Nf6 2. c4 b6 3. g3 Bb7 4. Bg2 c5 5. O-O e6 6. Nc3 Be7 7. d4 cxd4 8. Qxd4
d6 9. Bg5 h6 10. Bxf6 Bxf6 11. Qd3 Bxc3 12. Qxc3 O-O 13. Rad1 Qc7 14. Nh4 Rd8
15. Bxb7 Qxb7 16. Rd2 Na6 17. Rfd1 Nc5 18. Qf3 Qxf3 19. Nxf3 Nb7 20. b3 a6 21.
e4 Kf8 22. e5 Ke7 23. exd6+ Rxd6 24. Ne5 Rad8 25. Rxd6 Rxd6 26. Rxd6 Kxd6 27.
Nxf7+ Kc5 28. Ne5 Kb4 29. Nd7 Ka3 30. Nxb6 Kxa2 31. Nd7 Kxb3 32. c5 a5 33. c6
Nd6 34. Nc5+ Kb4 35. Nxe6 a4 36. Nd4 Kc3 0-1

[Event "Aut_chT"]
[Site "Fürstenfeld"]
[Date "2003.03.14"]
[Round "9.2"]
[White "Bromberger, Stefan"]
[Black "Penz, Harald"]
[Result "1/2-1/2"]
[WhiteElo "2417"]
[BlackElo "2324"]
[PlyCount "59"]
[EventDate "2003.03.14"]

1. Nf3 Nf6 2. c4 c5 3. Nc3 Nc6 4. d4 d5 5. g3 e6 6. cxd5 Nxd5 7. Bg2 Nxc3 8.
bxc3 cxd4 9. Nxd4 Nxd4 10. cxd4 Bb4+ 11. Kf1 O-O 12. Rb1 Be7 13. Qd3 Rb8 14.
Be4 h6 15. Bf4 Bd6 16. Qe3 b6 17. Kg2 Bb7 18. Bxb7 Rxb7 19. Rhc1 Bxf4 20. Qxf4
Qd5+ 21. Qf3 Rd8 22. e3 Qxf3+ 23. Kxf3 Kf8 24. Rc6 Rd5 25. a4 Rbd7 26. Rb5 Ke7
27. Ke4 Kd8 28. Kd3 Rc7 29. Rc4 Rd6 30. e4 1/2-1/2

[Event "Aut_chT"]
[Site "Fürstenfeld"]
[Date "2003.03.14"]
[Round "9.2"]
[White "Roth, Peter"]
[Black "Duer, Arne"]
[Result "1/2-1/2"]
[WhiteElo "2323"]
[BlackElo "2365"]
[PlyCount "26"]
[EventDate "2003.03.14"]

1. e4 c5 2. Nc3 e6 3. Nf3 a6 4. d4 cxd4 5. Nxd4 Qc7 6. Bd3 Nc6 7. Nxc6 dxc6 8.
f4 b5 9. Qf3 Bb7 10. e5 Ne7 11. Ne4 Nd5 12. c3 c5 13. Bc2 c4 1/2-1/2

[Event "Aut_chT"]
[Site "Fürstenfeld"]
[Date "2003.03.14"]
[Round "9.2"]
[White "Ferrari, Josef"]
[Black "Janetschek, Karl"]
[Result "1/2-1/2"]
[WhiteElo "2220"]
[BlackElo "2268"]
[PlyCount "62"]
[EventDate "2003.03.14"]

1. d4 Nf6 2. c4 e6 3. Nf3 b6 4. g3 Ba6 5. b3 Bb4+ 6. Bd2 Bxd2+ 7. Qxd2 d5 8.
Bg2 O-O 9. O-O Qd6 10. cxd5 exd5 11. Re1 Nc6 12. Nc3 Ne4 13. Qc2 Rae8 14. Rac1
Bb7 15. e3 Nxc3 16. Qxc3 Re7 17. Qb2 Ba6 18. Rc3 Nd8 19. Rec1 f6 20. Qc2 c6 21.
Bh3 g6 22. Nd2 Kg7 23. Nf3 Rfe8 24. Nh4 Re4 25. Ng2 R4e7 26. Nf4 Rf8 27. Qd1
Rc7 28. Qf3 Rff7 29. Qd1 Rfe7 30. R1c2 Bc8 31. Bxc8 Rxc8 1/2-1/2

[Event "Aut_chT"]
[Site "Fürstenfeld"]
[Date "2003.03.14"]
[Round "9.2"]
[White "Mueller, Roland"]
[Black "Gerhold, Michael"]
[Result "1/2-1/2"]
[WhiteElo "2188"]
[BlackElo "2205"]
[PlyCount "50"]
[EventDate "2003.03.14"]

1. e4 c5 2. Nf3 Nc6 3. Nc3 g6 4. Bc4 Bg7 5. O-O e6 6. Re1 d6 7. d3 Nge7 8. Bf4
a6 9. a4 O-O 10. Qd2 Nd4 11. Nxd4 cxd4 12. Ne2 Nc6 13. Bh6 Bd7 14. Bxg7 Kxg7
15. c3 dxc3 16. Qxc3+ Qf6 17. d4 Rac8 18. Bb3 a5 19. Qe3 Nb4 20. Rac1 Bc6 21.
Rc3 b5 22. Rec1 bxa4 23. Bxa4 Bb7 24. Bb5 Qe7 25. f3 Rxc3 1/2-1/2

[Event "Aut_chT"]
[Site "Fürstenfeld"]
[Date "2003.??.??"]
[Round "9.3"]
[White "Atlas, Valeri"]
[Black "Boensch, Uwe"]
[Result "1-0"]
[WhiteElo "2477"]
[BlackElo "2537"]
[PlyCount "119"]
[EventDate "2003.03.14"]

1. e4 c5 2. Nf3 e6 3. d4 cxd4 4. Nxd4 Nf6 5. Nc3 d6 6. g3 Nc6 7. Bg2 Bd7 8. O-O
Be7 9. Be3 O-O 10. Nxc6 Bxc6 11. a4 Qd7 12. Qe2 b6 13. Rad1 Qb7 14. Bc1 Rac8
15. Rfe1 Rfd8 16. Nb5 d5 17. e5 Ne4 18. f3 Nc5 19. b3 Bxb5 20. axb5 Qc7 21. Bb2
Nb7 22. Rc1 Na5 23. Kh1 Bb4 24. c3 Nxb3 25. cxb4 Nxc1 26. Rxc1 Qxc1+ 27. Bxc1
Rxc1+ 28. Bf1 Rdc8 29. Kg1 R8c2 30. Qe3 Ra1 31. Qg5 h6 32. Qd8+ Kh7 33. Qe7 Kg6
34. h4 Rcc1 35. h5+ Kh7 36. Qxf7 Rxf1+ 37. Kg2 Rh1 38. Qg6+ Kh8 39. Qe8+ Kh7
40. Qg6+ Kh8 41. Qxe6 Rag1+ 42. Kf2 Rf1+ 43. Ke3 Re1+ 44. Kf4 d4 45. Qd7 Rh2
46. g4 Rd2 47. Kf5 Kh7 48. f4 d3 49. Ke6 Re4 50. Qf7 Rde2 51. g5 hxg5 52. Qg6+
Kh8 53. Qe8+ Kh7 54. Qg6+ Kh8 55. h6 gxh6 56. Qxh6+ Kg8 57. Qg6+ Kh8 58. Qh6+
Kg8 59. Qxg5+ Kh7 60. Kf7 1-0

[Event "Aut_chT"]
[Site "Fürstenfeld"]
[Date "2003.??.??"]
[Round "9.3"]
[White "Schlosser, Philipp"]
[Black "Gustafsson, Jan"]
[Result "1/2-1/2"]
[WhiteElo "2534"]
[BlackElo "2566"]
[PlyCount "33"]
[EventDate "2003.03.14"]

1. Nf3 d5 2. d4 Nf6 3. c4 c6 4. e3 a6 5. Bd2 e6 6. Qc2 Nbd7 7. Nc3 dxc4 8. a4
c5 9. Bxc4 cxd4 10. exd4 Be7 11. O-O O-O 12. Rad1 Nb6 13. Bb3 Bd7 14. Bg5 Bc6
15. Ne5 Nbd5 16. Qe2 Qd6 17. Rd3 1/2-1/2

[Event "Aut_chT"]
[Site "Fürstenfeld"]
[Date "2003.03.14"]
[Round "9.3"]
[White "Naumann, Alexander"]
[Black "Stangl, Markus"]
[Result "1/2-1/2"]
[WhiteElo "2524"]
[BlackElo "2494"]
[PlyCount "242"]
[EventDate "2003.03.14"]

1. Nf3 c5 2. c4 Nf6 3. Nc3 e6 4. g3 b6 5. Bg2 Bb7 6. O-O a6 7. Re1 d5 8. cxd5
Nxd5 9. e4 Nxc3 10. bxc3 c4 11. Ne5 Qc7 12. d4 cxd3 13. Nxd3 Nd7 14. Be3 Be7
15. Qg4 O-O 16. Bh6 Bf6 17. e5 Nxe5 18. Nxe5 Bxg2 19. Bxg7 Bxg7 20. Kxg2 Rad8
21. Re3 Rd5 22. Rae1 Rfd8 23. h4 b5 24. Nf3 Rc5 25. Ng5 Rc4 26. Qe2 h6 27. Ne4
Qc6 28. Kh2 Qd5 29. g4 f5 30. gxf5 exf5 31. Ng3 Rxh4+ 32. Kg1 f4 33. Re8+ Rxe8
34. Qxe8+ Kh7 35. Qe4+ Qxe4 36. Nxe4 f3 37. Re3 Kg6 38. Nc5 a5 39. Rxf3 Rc4 40.
Rg3+ Kf5 41. Rf3+ Ke5 42. Nb3 a4 43. Nd2 Rc8 44. Kf1 Ke6 45. Re3+ Kf5 46. Rf3+
Kg6 47. Ne4 Be5 48. Ke2 b4 49. cxb4 Rc2+ 50. Kd3 Rxa2 51. Kc4 Ra1 52. b5 a3 53.
Kb3 h5 54. Nd2 a2 55. Nc4 Bf6 56. Ne3 Bd4 57. Rg3+ Kf6 58. Rf3+ Kg5 59. Rg3+
Kf4 60. Ng2+ Kf5 61. Nh4+ Ke4 62. f3+ Kf4 63. Rh3 Bf6 64. Ng2+ Kg5 65. Nh4 Be5
66. b6 Rb1+ 67. Kxa2 Rxb6 68. Ka3 Bd6+ 69. Ka2 Be5 70. Ka3 Rb1 71. Nf5 Kxf5 72.
Rxh5+ Kf4 73. Rh3 Bd4 74. Ka4 Bf2 75. Rh7 Kxf3 76. Rh5 Ke4 77. Rb5 Ra1+ 78. Kb3
Kd3 79. Rd5+ Bd4 80. Rb5 Rc1 81. Ka2 Kc4 82. Rb4+ Kd3 83. Rb5 Bc3 84. Kb3 Rb1+
85. Ka4 Rh1 86. Kb3 Bd4 87. Ka2 Rh2+ 88. Kb3 Rh6 89. Rb7 Rc6 90. Rb5 Rc3+ 91.
Ka4 Kc2 92. Rb7 Bc5 93. Kb5 Bd4 94. Ka4 Rc8 95. Kb4 Bc3+ 96. Kb5 Kb3 97. Rh7
Ra8 98. Rh3 Ra5+ 99. Kb6 Rg5 100. Rh4 Bb4 101. Rh3+ Ka4 102. Rh6 Rb5+ 103. Kc6
Ka5 104. Re6 Rc5+ 105. Kd7 Kb5 106. Rg6 Rd5+ 107. Ke6 Kc6 108. Rg2 Bc3 109. Re2
Rd6+ 110. Kf5 Kd5 111. Rg2 Rf6+ 112. Kg5 Be5 113. Kg4 Rf4+ 114. Kg5 Ke6 115.
Kg6 Rf8 116. Rg4 Bf4 117. Kh5 Rh8+ 118. Kg6 Be5 119. Kg5 Rf8 120. Kg6 Re8 121.
Kg5 Rg8+ 1/2-1/2

[Event "Aut_chT"]
[Site "Fürstenfeld"]
[Date "2003.??.??"]
[Round "9.3"]
[White "Weinzettl, Ernst"]
[Black "Novkovic, Milan"]
[Result "1-0"]
[WhiteElo "2356"]
[BlackElo "2395"]
[PlyCount "87"]
[EventDate "2003.03.14"]

1. e4 g6 2. d4 Bg7 3. Nc3 c6 4. h3 d5 5. Nf3 dxe4 6. Nxe4 Nd7 7. Bd3 Ngf6 8.
O-O O-O 9. Nxf6+ Nxf6 10. Re1 Re8 11. c3 Qd6 12. Ne5 Be6 13. Bf4 Qd8 14. Qc2
Qb6 15. Be3 Qc7 16. c4 Rad8 17. f4 Qc8 18. g4 Bxg4 19. hxg4 Nxg4 20. Qe2 Nxe3
21. Qxe3 f6 22. Nf3 Qg4+ 23. Kf2 Bh6 24. Rg1 Qxf4 25. Qe6+ Kg7 26. Rg4 Rd6 27.
Rxf4 Rxe6 28. Rh4 Rd8 29. Rah1 Be3+ 30. Kg2 h5 31. Re1 f5 32. d5 cxd5 33. cxd5
Rb6 34. Rxe3 Rxb2+ 35. Kg3 Rxd5 36. Bc4 Rd7 37. Rd4 Rxd4 38. Nxd4 Rb4 39. Rxe7+
Kh6 40. Rc7 a6 41. Nf3 g5 42. Ne5 Rb1 43. Bd3 h4+ 44. Kf3 1-0